000 00347nam a22001097a 4500
082 _a004
100 _aचौबे,संतोष
245 _aऑब्जेक्ट ओरिएंटेड प्रोग्रिंमिंग -C++
260 _aभोपाल
_bआईसेक्ट
_c2024
650 _acomputer
942 _cC. BOOKS
999 _c68814
_d68814